| 000 | 00817nam a2200229Ia 4500 | ||
|---|---|---|---|
| 003 | GCL | ||
| 005 | 20240530102338.0 | ||
| 008 | 140319s9999 xx 000 0 ara d | ||
| 040 |
_aGCL / _cGCL |
||
| 082 | 0 | 4 |
_a814.008 _bق/ا ش |
| 100 | 1 | _aمركز الاهرام للترجمة والنشر | |
| 245 | 1 | 0 |
_aشهود العصر1876 - 1986 / _cمركز الاهرام للترجمة والنشر |
| 260 |
_aالقاهرة : _bمركز الاهرام للترجمة والنشر ، _c1986 |
||
| 300 |
_a470 ص ؛ _c25سم |
||
| 650 | 0 | 4 | _aالاحوال الاجتماعية |
| 650 | 0 | 4 | _aالاحوال السياسية |
| 650 | 0 | 4 | _aالاحوال الاقتصادية |
| 650 | 0 | 4 | _aالصحافة المصرية |
| 650 | 0 | 4 | _aالاحوال الثقافية |
| 650 | 0 | 4 | _aمقالات |
| 942 |
_2ddc _cBK |
||
| 999 |
_c31588 _d31588 |
||